Viva Vivaldi (Record n. 99072)

Dettagli MARC
000 -LEADER
fixed length control field 01103njm a2200301Ia 4500
001 - CONTROL NUMBER
control field 32993
003 - CONTROL NUMBER IDENTIFIER
control field IT-RoPAU
005 - DATE AND TIME OF LATEST TRANSACTION
control field 20220918181112.0
008 - FIXED-LENGTH DATA ELEMENTS--GENERAL INFORMATION
fixed length control field 131025s9999 xx 000 0 und d
040 ## - CATALOGING SOURCE
Original cataloging agency IT-RoPAU
040 ## - CATALOGING SOURCE
Transcribing agency IT-RoPAU
999 ## - SYSTEM CONTROL NUMBERS (KOHA)
Koha Dewey Subclass [OBSOLETE] n.d.
100 ## - MAIN ENTRY--PERSONAL NAME
Personal name Vivaldi Antonio
9 (RLIN) 19087
100 ## - MAIN ENTRY--PERSONAL NAME
Relator term Autore musica
9 (RLIN) 19088
100 ## - MAIN ENTRY--PERSONAL NAME
Miscellaneous information Codice autore musica SPICS: 11195
9 (RLIN) 19089
245 ## - TITLE STATEMENT
Title Viva Vivaldi
250 ## - EDITION STATEMENT
Edition statement 1a ed.
260 ## - PUBLICATION, DISTRIBUTION, ETC. (IMPRINT)
Place of publication, distribution, etc. ITALIA
260 ## - PUBLICATION, DISTRIBUTION, ETC. (IMPRINT)
Name of publisher, distributor, etc. POLYGRAM
Date of publication, distribution, etc. 1985 [1a Ed.:1985 - Ed. Lingua Orig.: 1985]
300 ## - PHYSICAL DESCRIPTION
Extent DISCO
300 ## - PHYSICAL DESCRIPTION
Dimensions 38 minuti (Testo: pag.)
500 ## - GENERAL NOTE
General note Musica strumentale. Arrangiamento
505 ## - FORMATTED CONTENTS NOTE
Formatted contents note Primavera - A Springtime Dream - Sicilian Wedding - Largo - La cappella di Venezia - La danza di Verona - La festa degli angeli - La strada d'amore - Piazza Palermo - Winter - Addio mare - La stravaganza
650 ## - SUBJECT ADDED ENTRY--TOPICAL TERM
Topical term or geographic name as entry element ARRANGIAMENTO [DISCHI]
Relator term Codice MATERIA SPICS: 9950
9 (RLIN) 19090
700 ## - ADDED ENTRY--PERSONAL NAME
Personal name Last James
Relator term Autore
Miscellaneous information Codice autore SPICS: 10976
9 (RLIN) 9404
700 ## - ADDED ENTRY--PERSONAL NAME
Personal name Last James
Miscellaneous information Codice interprete SPICS: 10976
Relator term Interprete
9 (RLIN) 11447
942 ## - ADDED ENTRY ELEMENTS (KOHA)
Koha item type DISCHI
Source of classification or shelving scheme Dewey Decimal Classification
Dati di copia
Withdrawn status Lost status Damaged status Not for loan Home library Current library Date acquired Total Checkouts Full call number Date last seen Price effective from Koha item type Public note
    Buone Condizioni Not For Loan SPICS-MEDIATECA SPICS-MEDIATECA 25/10/2013   32993 25/10/2013 25/10/2013 DISCHI Progr. Ins.: 12247 / N.Vol.: 1 / Copie: 1 - Copia rara: n.d. / date import: 01.01.2014 - By Epidotti, Trombetti, Vaglietti
CREDITS: SOCIETA' SAN PAOLO Via A.Severo, 58 - ROMA (RM) & PERIODICI SAN PAOLO SRL Via Giotto, 36 MILANO & CISF Via Giotto, 36 MILANO & EDIZIONI SAN PAOLO SRL,  Piazza Soncino, 5 CINISELLO BALSAMO (MI) -- ITALY